000 00654nam a22001817a 4500
003 OSt
005 20251205052218.0
008 251205b |||||||| |||| 00| 0 eng d
020 _a0-07-123531-0
040 _aDWC-Main lib
_cOC
082 _22nd edition
_aCirc. 621.319 Al375 2004
100 _aAlexander, C.
245 _aFundamentals of Electric Circuits 2nd ed.
_cAlexander, Charles K.
260 _aN.Y. :
_b McGraw-Hill Companies Inc.,
300 _axviii, 904 pages ;
_bcolored illustration ;
_c25 cm
700 _aSadiku, Matthew N.O.
942 _2ddc
_cBK-CIRC
_e2nd edition
_hCirc. 621.319 Al375 2004
_kCirc.
_n0
999 _c6937
_d6937